000 00414cam a2200157ua 4500
003 OSt
008 240124b |||||||| |||| 00| 0 eng d
041 _aeng
082 _a631.568
_bJOH/CR
100 _aJohn Nash , Michael .
_95770
245 _aCrop conservation and storage in cool temperate climates /
250 _a2nd ed.
260 _aOxford :
_bPergamon Press ,
_c1985.
300 _a286 ; .
942 _cBK
999 _c4867
_d4867